00489nam a22001937a 450000500170000001000110001702000100002803500110003803700160004904000120006508200130007710000170009024500670010726000440017427000150021830000220023365000100025565000300026520170124110046.0 a953282 c00.00 a953282 bCen Lib/Ret aDPLbEN a700bGOP aGopinath, S. aThree faces of arts /cby Alexander Cirici [and] S. Gopinath  aSingapore bFaderal publications c1977 bSingapore  ax,117p.c17cm(Hb) aArts  aSocialist countries arts